| 000 | 00974nam a2200253 a 4500 | ||
|---|---|---|---|
| 003 | CBULib | ||
| 005 | 20240808145128.0 | ||
| 008 | 120726s2012 ||||||||||||||||| || u | ||
| 020 | _a9789211128451 | ||
| 040 |
_aCBULib _bEnglish _cCBULib _erda |
||
| 041 | _aeng | ||
| 050 | _aUNCTAD(058)TDR/2012B | ||
| 110 | _aUnited Nations Conference on Trade and Development (UNCTAD) | ||
| 245 | 1 | 0 |
_aTrade and development report, 1981-2011 : three decades of thinking development _c/ by United Nations Conference on Trade and Development (UNCTAD) |
| 260 |
_aNew York : _bUnited Nations, _c2012. |
||
| 300 | _aviii, 126 pages : illustrations | ||
| 336 |
_2rdacontent _aText | _btxt |
||
| 337 |
_2rdamedia _aUnmediated | _bn |
||
| 338 |
_2rdacarrier _aVolume _bnc |
||
| 650 | 0 | _aECONOMIC DEVELOPMENT--AFRICA, SUB-SAHARAN | |
| 650 | 0 | _aINTERNATIONAL ECONOMIC RELATIONS--HANDBOOKS, MANUALS, E.T.C | |
| 942 |
_2mc _c029 |
||
| 999 |
_c60108 _d60108 |
||